Most Streamed Lil Tecca Songs - Statistics

General Stats
  • This quiz has been taken 96 times
  • The average score is 9 of 20
Answer Stats
# Streams Answer % Correct
1 1,774,029,582 Ransom
99%
4 533,226,221 Ransom - Remix
99%
3 599,517,643 500lbs
74%
11 224,148,811 Dark Thoughts
74%
2 652,355,740 Love Me
64%
6 502,252,432 LOT OF ME
62%
5 518,248,603 Did It Again
55%
15 172,918,095 Amigo
54%
8 315,878,555 Out Of Love
49%
16 170,619,126 HVN ON EARTH
41%
7 412,328,681 Our Time
36%
10 234,030,277 NEVER LEFT
33%
18 119,152,921 NUMBER 2
29%
13 194,096,303 REPEAT IT
29%
9 300,942,233 Diva
22%
17 134,161,893 Down With Me
20%
14 178,357,389 Shots
20%
20 107,423,545 DUI
19%
19 107,564,649 JETSKI
3%
12 197,039,676 Somebody
1%
No matching quizzes found
Score Distribution
Percent of People with Each Score
Percentile by Number Answered
Your Score History
You have not taken this quiz